Statistics for Countries by Number of CS:GO Pros

Click here to take the quiz!

General Stats

  • This quiz has been taken 23 times
  • The average score is 25 of 38

Answer Stats

# of PlayersAnswer% Correct
3Canada
94%
2France
94%
5Sweden
94%
1United Kingdom
94%
25Denmark
88%
1Finland
88%
16Russia
88%
5Ukraine
88%
5United States
88%
16Brazil
81%
7Germany
81%
2Norway
81%
3Poland
75%
5Portugal
75%
6Spain
75%
2Bosnia & Herzegovina
69%
1Estonia
69%
1Serbia
69%
1Slovakia
69%
1Argentina
63%
3Israel
63%
2Latvia
63%
1Netherlands
63%
6Australia
56%
1Chile
56%
4Romania
56%
1Switzerland
56%
1Belgium
50%
5Bulgaria
50%
2Kazakhstan
50%
4Kosovo
50%
1Czech Republic
44%
1Hungary
44%
5Mongolia
44%
1Montenegro
44%
1New Zealand
38%
2Uruguay
38%
1South Africa
25%

Score Distribution

Percentile by Number Answered

Percent of People with Each Score

Your Score History

You have not taken this quiz